[Event "Voronezh op-B 23rd"]
[Site "Voronezh"]
[Date "2019.06.19"]
[Round "8"]
[White "Sokolovsky, Victor"]
[Black "Hussain, Hashem"]
[Result "1-0"]
[WhiteElo "1916"]
[BlackElo "1673"]
[PlyCount "57"]
[EventDate "2019.06.12"]
[EventType "swiss"]
[EventRounds "9"]
[EventCountry "RUS"]
[SourceTitle "EXT 2020"]
[Source "ChessBase"]
[SourceDate "2019.10.17"]
[SourceVersion "1"]
[SourceVersionDate "2019.10.17"]
[SourceQuality "1"]

1. e4 c5 2. Nf3 g6 3. d4 cxd4 4. Nxd4 Bg7 5. Be3 Nc6 6. Nc3 Nf6 7. Bc4 Qa5 8. Nxc6 bxc6 9. 0-0 0-0 10. Bb3 Bb7 11. f4 d6 12. f5 c5 13. fxg6 hxg6 14. Qd2 Qc7 15. Rf4 c4 16. e5 dxe5 17. Rxc4 Qd6 18. Qxd6 exd6 19. Rc7 Ng4 20. Bg5 Ba6 21. Rd1 e4 22. Nxe4 Rae8 23. Be7 Bh6 24. h3 Ne3 25. Nf6+ Kh8 26. Nxe8 Nxd1 27. Bxf8 Be3+ 28. Kh2 Nf2 29. Rxf7 1-0

[Event "Voronezh op-A 20th"]
[Site "Voronezh"]
[Date "2016.06.12"]
[Round "1"]
[White "Yandarbiev, Ruslan"]
[Black "Sokolovsky, Victor"]
[Result "1-0"]
[WhiteElo "2352"]
[BlackElo "1982"]
[PlyCount "59"]
[EventDate "2016.06.12"]
[EventType "swiss"]
[EventRounds "9"]
[EventCountry "RUS"]
[SourceTitle "EXT 2019"]
[Source "ChessBase"]
[SourceDate "2018.10.10"]
[SourceVersion "1"]
[SourceVersionDate "2018.10.10"]
[SourceQuality "1"]

1. e4 e5 2. Nf3 Nc6 3. Bb5 a6 4. Ba4 d6 5. c3 Nf6 6. d3 Be7 7. 0-0 Bg4 8. Nbd2 0-0 9. h3 Bd7 10. Re1 h6 11. Nf1 Nh7 12. Ng3 Ng5 13. Nh2 Kh7 14. d4 f6 15. h4 Nf7 16. d5 Nb8 17. Bxd7 Nxd7 18. h5 Ng5 19. Nf3 Rg8 20. Nh4 Nf8 21. Ngf5 Qe8 22. Qg4 g6 23. hxg6+ Nxg6 24. Nxh6 Rh8 25. N6f5 Nxh4 26. Nxh4 Qf7 27. Bxg5 fxg5 28. Nf5 Kg8 29. Re3 Bf6 30. Rf3 1-0

[Event "Voronezh op-A 19th"]
[Site "Voronezh"]
[Date "2015.06.14"]
[Round "3"]
[White "Sokolovsky, Victor"]
[Black "Mesropov, Konstantin Eduard"]
[Result "1/2-1/2"]
[WhiteElo "1980"]
[BlackElo "2417"]
[PlyCount "160"]
[EventDate "2015.06.12"]
[EventType "swiss"]
[EventRounds "9"]
[EventCountry "RUS"]
[SourceTitle "CBM 167 Extra"]
[Source "ChessBase"]
[SourceDate "2015.09.14"]
[SourceVersion "1"]
[SourceVersionDate "2015.09.14"]
[SourceQuality "1"]

1. e4 e6 2. d4 d5 3. Nc3 Bb4 4. Bd3 dxe4 5. Bxe4 Nf6 6. Qd3 Nxe4 7. Qxe4 Nd7 8. Nf3 Nf6 9. Qd3 0-0 10. 0-0 b6 11. Bg5 Bb7 12. Rad1 Be7 13. Ne5 Nd5 14. Bxe7 Qxe7 15. Nxd5 Bxd5 16. c4 Bb7 17. Rfe1 Rad8 18. Qe3 Qh4 19. Rd2 Rfe8 20. Red1 Qh5 21. b4 f6 22. Nf3 Rd7 23. b5 g5 24. h3 Rg7 25. Ne1 g4 26. h4 Qxh4 27. d5 e5 28. g3 Qh3 29. Ng2 f5 30. Nf4 Qh6 31. Ng2 Qd6 32. Nh4 Bc8 33. Rc1 Qf6 34. c5 f4 35. Qe4 bxc5 36. Rxc5 fxg3 37. fxg3 Rf8 38. Rc1 Qg5 39. Rdc2 Qf6 40. a4 Rgf7 41. a5 Bb7 42. Ng2 Qf3 43. Qxe5 Bxd5 44. Qg5+ Rg7 45. Qe3 Be4 46. Rd2 h5 47. Re1 Qxe3+ 48. Rxe3 Bxg2 49. Kxg2 Rf5 50. Rb3 Re7 51. b6 cxb6 52. axb6 axb6 53. Rxb6 Kg7 54. Ra6 Rfe5 55. Kf2 Rf7+ 56. Kg2 Rc5 57. Rb2 Rfc7 58. Rf2 Rc3 59. Ra5 Kg6 60. Ra6+ R7c6 61. Rxc6+ Rxc6 62. Kg1 Rc5 63. Kg2 Rb5 64. Rf4 Kg5 65. Rf2 Rd5 66. Rf8 Rd2+ 67. Rf2 Rd8 68. Rf7 Kg6 69. Rf4 Re8 70. Rf2 Kg5 71. Rf7 Re6 72. Rf2 Re8 73. Rf7 Ra8 74. Rf2 h4 75. gxh4+ Kxh4 76. Rb2 Ra3 77. Rc2 Rg3+ 78. Kh2 Re3 79. Kg2 Re4 80. Ra2 Kg5 1/2-1/2

[Event "Voronezh School op"]
[Site "Voronezh"]
[Date "2015.05.22"]
[Round "4"]
[White "Sokolovsky, Victor"]
[Black "Koshelev, Vladimir"]
[Result "0-1"]
[WhiteElo "1980"]
[BlackElo "1821"]
[PlyCount "45"]
[EventDate "2015.05.19"]
[EventType "swiss"]
[EventRounds "9"]
[EventCountry "RUS"]
[SourceTitle "EXT 2016"]
[Source "ChessBase"]
[SourceDate "2015.10.08"]
[SourceVersion "1"]
[SourceVersionDate "2015.10.08"]
[SourceQuality "1"]

1. e4 g6 2. d4 d6 3. f4 Bg7 4. Nf3 Bg4 5. Be2 c5 6. Be3 Nc6 7. e5 Qb6 8. Nc3 Bxf3 9. Bxf3 Nxd4 10. Bxd4 cxd4 11. Nd5 Qa5+ 12. b4 Qd8 13. 0-0 dxe5 14. fxe5 Bxe5 15. Qe2 f6 16. Rae1 Nh6 17. g4 Nf7 18. h4 0-0 19. g5 Qd6 20. gxf6 exf6 21. h5 Kh8 22. Bg2 Rae8 23. Qg4 0-1

[Event "Voronezh-ch op2"]
[Site "Voronezh"]
[Date "2015.04.07"]
[Round "5"]
[White "Kholodov, Vladimir"]
[Black "Sokolovsky, Victor"]
[Result "1-0"]
[WhiteElo "2010"]
[BlackElo "1984"]
[PlyCount "73"]
[EventDate "2015.04.02"]
[EventType "swiss"]
[EventRounds "9"]
[EventCountry "RUS"]
[SourceTitle "EXT 2017"]
[Source "ChessBase"]
[SourceDate "2016.10.25"]
[SourceVersion "1"]
[SourceVersionDate "2016.10.25"]
[SourceQuality "1"]

1. e4 e5 2. Nf3 Nc6 3. Bc4 Nf6 4. Ng5 d5 5. exd5 Na5 6. Bb5+ c6 7. dxc6 bxc6 8. Qf3 Rb8 9. Bxc6+ Nxc6 10. Qxc6+ Nd7 11. d4 Bb7 12. Qc4 Qf6 13. 0-0 h6 14. dxe5 Qg6 15. e6 hxg5 16. exd7+ Kd8 17. Qg4 Rh5 18. Bd2 f5 19. Ba5+ Kxd7 20. Qd4+ Bd6 21. Bb4 Rbh8 22. Rd1 Rxh2 23. Qxd6+ Qxd6 24. Rxd6+ Kc7 25. f3 f4 26. Kf2 g4 27. Nd2 g3+ 28. Ke2 Rxg2+ 29. Kd3 Rf2 30. Re1 g2 31. Re7+ Kc8 32. Rxg7 Bxf3 33. Bc5 Be2+ 34. Kd4 f3 35. Kd5 Rh5+ 36. Kc6 g1Q 37. Rc7+ 1-0

[Event "Voronezh-ch op2"]
[Site "Voronezh"]
[Date "2015.04.02"]
[Round "1.4"]
[White "Kostin, Alexey"]
[Black "Sokolovsky, Victor"]
[Result "1-0"]
[WhiteElo "2257"]
[BlackElo "1984"]
[PlyCount "61"]
[EventDate "2015.04.02"]
[EventType "swiss"]
[EventRounds "9"]
[EventCountry "RUS"]
[SourceTitle "EXT 2022"]
[Source "ChessBase"]
[SourceDate "2021.10.06"]
[SourceVersion "1"]
[SourceVersionDate "2021.10.06"]
[SourceQuality "1"]

1. e4 e5 2. f4 d5 3. exd5 e4 4. d3 Nf6 5. dxe4 Nxe4 6. Nf3 Bc5 7. Qe2 Qe7 8. Be3 Na6 9. Nbd2 Bf5 10. Nxe4 Bxe4 11. Bxc5 Nxc5 12. 0-0-0 0-0 13. Ng5 Rfe8 14. Nxe4 Nxe4 15. d6 cxd6 16. Qf3 Rac8 17. Bd3 d5 18. Rhe1 a5 19. Re2 Qb4 20. g3 a4 21. a3 Qc5 22. Qe3 d4 23. Qf3 Nc3 24. Rxe8+ Rxe8 25. Rf1 b5 26. Qb7 g6 27. f5 b4 28. bxc3 Qxc3 29. fxg6 Qxa3+ 30. Kb1 Re7 31. gxf7+ 1-0

[Event "Voronezh-ch"]
[Site "Voronezh"]
[Date "2014.11.05"]
[Round "7"]
[White "Sokolovsky, Victor"]
[Black "Klimentov, Roman"]
[Result "0-1"]
[WhiteElo "1977"]
[BlackElo "2250"]
[PlyCount "146"]
[EventDate "2014.10.28"]
[EventType "tourn"]
[EventRounds "9"]
[EventCountry "RUS"]
[SourceTitle "CBM 163 Extra"]
[Source "ChessBase"]
[SourceDate "2014.12.23"]
[SourceVersion "1"]
[SourceVersionDate "2014.12.23"]
[SourceQuality "1"]

1. e4 c5 2. Nf3 Nc6 3. d4 cxd4 4. Nxd4 e5 5. Nb3 Nf6 6. Nc3 Bb4 7. Bg5 h6 8. Bxf6 Bxc3+ 9. bxc3 Qxf6 10. Bc4 0-0 11. 0-0 d6 12. Qe2 Ne7 13. Rad1 Ng6 14. Qe3 Rd8 15. Rd2 Be6 16. Na5 Bxc4 17. Nxc4 Rac8 18. Na5 b6 19. Nb3 Rc6 20. Rfd1 Rdc8 21. c4 Rxc4 22. Rxd6 Qh4 23. g3 Qxe4 24. Rd8+ Rxd8 25. Rxd8+ Kh7 26. Qxe4 Rxe4 27. Rd7 Ra4 28. Rxf7 Rxa2 29. h4 Kg8 30. Rc7 Kf8 31. Kg2 Ne7 32. Kf3 Kf7 33. Ke4 Ke6 34. f4 Kd6 35. Rc4 exf4 36. gxf4 Nc6 37. f5 b5 38. Rc5 Ra4+ 39. Ke3 a6 40. f6 gxf6 41. Rh5 Ne5 42. Nd4 Kd5 43. Nf5 Ra3+ 44. Ke2 Rh3 45. Nxh6 Rh2+ 46. Ke3 Rxc2 47. Ng4 Rc6 48. Rf5 Rc3+ 49. Kd2 Rg3 50. Nxf6+ Ke6 51. Rf4 Ng6 52. Ne4 Rg2+ 53. Rf2 Rxf2+ 54. Nxf2 Nxh4 55. Kc3 a5 56. Ne4 Kd5 57. Nd2 Kc5 58. Nb3+ Kb6 59. Kd4 Nf5+ 60. Kd5 Ne7+ 61. Kd6 Nc6 62. Kd5 Nb4+ 63. Kd6 a4 64. Na1 Ka5 65. Ke5 Na6 66. Kd4 Kb4 67. Kd3 Nc5+ 68. Kc2 Nb3 69. Nxb3 axb3+ 70. Kb2 Ka4 71. Kb1 Ka3 72. Ka1 b2+ 73. Kb1 b4 0-1

[Event "Voronezh CC-ch"]
[Site "Voronezh"]
[Date "2014.10.23"]
[Round "6"]
[White "Sokolovsky, Victor"]
[Black "Cherednichenko, Dmitrij"]
[Result "1-0"]
[WhiteElo "1977"]
[BlackElo "1902"]
[PlyCount "41"]
[EventDate "2014.10.17"]
[EventType "swiss"]
[EventRounds "9"]
[EventCountry "RUS"]
[SourceTitle "CBM 163 Extra"]
[Source "ChessBase"]
[SourceDate "2014.12.23"]
[SourceVersion "1"]
[SourceVersionDate "2014.12.23"]
[SourceQuality "1"]

1. e4 e6 2. d4 d5 3. Nc3 dxe4 4. Nxe4 Nd7 5. Nf3 Ngf6 6. Bd3 Nxe4 7. Bxe4 Nf6 8. Bd3 c5 9. 0-0 cxd4 10. Nxd4 Bc5 11. Be3 Nd5 12. Qh5 Qe7 13. Rae1 Nxe3 14. fxe3 g6 15. Bb5+ Bd7 16. Bxd7+ Kxd7 17. Qf3 Ke8 18. b4 Bd6 19. c4 Bxb4 20. Rb1 Rb8 21. Rxb4 1-0

[Event "Voronezh Zagorovsky Memorial"]
[Site "Voronezh"]
[Date "2014.07.08"]
[Round "7"]
[White "Shestakov, Dmitry"]
[Black "Sokolovsky, Victor"]
[Result "0-1"]
[WhiteElo "1727"]
[BlackElo "1962"]
[PlyCount "42"]
[EventDate "2014.07.01"]
[EventType "swiss"]
[EventRounds "9"]
[EventCountry "RUS"]
[SourceTitle "CBM 161 Extra"]
[Source "ChessBase"]
[SourceDate "2014.08.29"]
[SourceVersion "1"]
[SourceVersionDate "2014.08.29"]
[SourceQuality "1"]

1. e4 e5 2. Nf3 Nc6 3. Nc3 Nf6 4. Bb5 Nd4 5. Ba4 Bc5 6. d3 0-0 7. Bg5 c6 8. Nxd4 exd4 9. Ne2 d5 10. Bxf6 Qxf6 11. exd5 Bb4+ 12. Kf1 Bg4 13. h3 Bh5 14. a3 Ba5 15. b4 Bc7 16. Qd2 Rfe8 17. Re1 Re7 18. c4 Rae8 19. Bd1 Bf4 20. Qb2 Bg3 21. f3 Bxf3 0-1

[Event "Voronezh op-A 18th"]
[Site "Voronezh"]
[Date "2014.06.16"]
[Round "5"]
[White "Grigorjev, Iljya"]
[Black "Sokolovsky, Victor"]
[Result "1-0"]
[WhiteElo "2181"]
[BlackElo "1984"]
[PlyCount "83"]
[EventDate "2014.06.12"]
[EventType "swiss"]
[EventRounds "9"]
[EventCountry "RUS"]
[SourceTitle "CBM 160 Extra"]
[Source "ChessBase"]
[SourceDate "2014.07.01"]
[SourceVersion "1"]
[SourceVersionDate "2014.07.01"]
[SourceQuality "1"]

1. e4 e5 2. Nf3 Nc6 3. Bb5 a6 4. Ba4 d6 5. Bxc6+ bxc6 6. d4 exd4 7. Nxd4 Bd7 8. 0-0 Nf6 9. Nc3 Be7 10. Re1 0-0 11. Qf3 Rb8 12. b3 Re8 13. Bb2 Rb6 14. Na4 Rb8 15. e5 dxe5 16. Nxc6 e4 17. Nxe7+ Qxe7 18. Bxf6 gxf6 19. Qg3+ Kh8 20. Nc3 Bc6 21. Qf4 Rbd8 22. Re3 Qe5 23. Qxe5 Rxe5 24. Rd1 Rd6 25. Kf1 f5 26. Rxd6 cxd6 27. Ne2 d5 28. Ke1 Bb5 29. f4 Re8 30. Nd4 Rc8 31. Kd2 Bd7 32. Rg3 f6 33. Rc3 Rg8 34. g3 Rd8 35. Rc5 Bc8 36. Ke3 Kg7 37. Rc7+ Kh6 38. c4 dxc4 39. bxc4 Rh8 40. c5 Kh5 41. h3 Kh6 42. Rxc8 1-0

[Event "Voronezh Rating op 03-B"]
[Site "Voronezh"]
[Date "2014.03.27"]
[Round "5"]
[White "Sokolovsky, Victor"]
[Black "Rodionov, Roman"]
[Result "0-1"]
[WhiteElo "1994"]
[BlackElo "1924"]
[PlyCount "52"]
[EventDate "2014.03.20"]
[EventType "swiss"]
[EventRounds "9"]
[EventCountry "RUS"]
[SourceTitle "EXT 2015"]
[Source "ChessBase"]
[SourceDate "2014.11.20"]
[SourceVersion "1"]
[SourceVersionDate "2014.11.20"]
[SourceQuality "1"]

1. e4 e5 2. Nf3 Nc6 3. Bb5 Nf6 4. 0-0 Nxe4 5. Re1 Nc5 6. Nxe5 Nxe5 7. Rxe5+ Ne6 8. d4 c6 9. Ba4 d5 10. c4 Bd6 11. Re1 0-0 12. cxd5 cxd5 13. Nc3 b6 14. Bc6 Rb8 15. Bxd5 Nf4 16. Bxf4 Bxf4 17. Qf3 Bg5 18. Re2 Ba6 19. Re4 Rc8 20. Bb3 Bf6 21. Nd5 Bg5 22. Rae1 Bb7 23. Re5 Kh8 24. Qf5 f6 25. Re7 Bxd5 26. Bxd5 Qxe7 0-1

[Event "Voronezh Rating op 03-B"]
[Site "Voronezh"]
[Date "2014.03.23"]
[Round "3"]
[White "Malikov, Sergey Konstantinov"]
[Black "Sokolovsky, Victor"]
[Result "0-1"]
[WhiteElo "1830"]
[BlackElo "1994"]
[PlyCount "76"]
[EventDate "2014.03.20"]
[EventType "swiss"]
[EventRounds "9"]
[EventCountry "RUS"]
[SourceTitle "EXT 2015"]
[Source "ChessBase"]
[SourceDate "2014.11.20"]
[SourceVersion "1"]
[SourceVersionDate "2014.11.20"]
[SourceQuality "1"]

1. Nf3 d5 2. d4 c5 3. e3 Nc6 4. Be2 Nf6 5. 0-0 e6 6. b3 cxd4 7. exd4 Bd6 8. Bb2 0-0 9. Nbd2 Bd7 10. Re1 Qc7 11. h3 Ne4 12. Nxe4 dxe4 13. Ne5 Rad8 14. Nxd7 Rxd7 15. Bc4 e5 16. d5 Na5 17. Bb5 Re7 18. Rxe4 f5 19. Re1 e4 20. Bf1 f4 21. c4 f3 22. Bd4 b6 23. Rc1 Nb7 24. Qc2 Nc5 25. b4 fxg2 26. Kxg2 Nd3 27. Bxd3 exd3 28. Qxd3 Bxb4 29. Re4 Rf4 30. f3 Rexe4 31. fxe4 Qe7 32. Rc2 Rxe4 33. Kf3 Rh4 34. Qf5 Rxd4 35. Re2 Qf6 36. Qxf6 gxf6 37. Rc2 Kf7 38. Kg3 Kg6 0-1

[Event "Voronezh Rating op 01"]
[Site "Voronezh"]
[Date "2014.01.23"]
[Round "9"]
[White "Sokolovsky, Victor"]
[Black "Polyansky, Viktor"]
[Result "1-0"]
[WhiteElo "1989"]
[BlackElo "1952"]
[PlyCount "94"]
[EventDate "2014.01.10"]
[EventType "swiss"]
[EventRounds "9"]
[EventCountry "RUS"]
[SourceTitle "EXT 2015"]
[Source "ChessBase"]
[SourceDate "2014.11.20"]
[SourceVersion "1"]
[SourceVersionDate "2014.11.20"]
[SourceQuality "1"]

1. e4 c5 2. c3 d5 3. exd5 Nf6 4. d4 cxd4 5. cxd4 Nxd5 6. Nc3 Nxc3 7. bxc3 g6 8. Bd3 Bg7 9. h4 h5 10. Bg5 Qa5 11. Qd2 Nd7 12. Nf3 Nf6 13. Ne5 Nd5 14. Rc1 Bxe5 15. dxe5 Be6 16. 0-0 Rc8 17. c4 Qxd2 18. Bxd2 Nc7 19. Be4 0-0 20. Bxb7 Rb8 21. Bf3 Rb2 22. Ba5 Na6 23. a3 Nc5 24. Bc3 Ra2 25. Rfd1 Bf5 26. Ra1 Rc2 27. Rdc1 Rxc1+ 28. Rxc1 Nd3 29. Rd1 Rc8 30. Be2 Nf4 31. Bf1 Kf8 32. Bb4 Ke8 33. c5 Bd7 34. Ba6 Rc7 35. Kf1 Bc6 36. f3 Nd5 37. Kf2 e6 38. Ba5 Rd7 39. Bc8 Re7 40. Rb1 f6 41. exf6 Nxf6 42. Bc3 Nd7 43. Bd4 e5 44. Be3 e4 45. Bb7 Ne5 46. fxe4 Ng4+ 47. Kf3 Rxb7 1-0